000 00380nam a22001577a 4500
008 221031b |||||||| |||| 00| 0 eng d
020 _a9789388206518
082 _a346.07 SIN
100 _aSingh, Avtar
245 _aCompany Law
250 _a17th ed
260 _aLucknow
_bEastern Book Company
_c2018
300 _acxlvii, 794 p:
_c24 cm
650 _aCE Books
942 _2ddc
999 _c9185
_d9186